000 00735cab a22001935a 4500
001 L138324
008 070530e2007 xxka f 000 0 eng d
035 _a(Sirsi) u138324
041 0 _aeng
100 1 _aEade, Christine
245 0 0 _aRegional
_bEast Anglia
260 _C2007
490 0 _aProperty Week
_v72(23) 25 May 2007, 81-96(10)
520 _aDiscusses the history of a Norwich family firm, an independent department store in Norwich, the industrial property market in Norwich, the destruction of the civic centre in Ipswich, the retail market in Ipswich and Peterborough shed developments.
590 _aKA
651 4 _aEAST ANGLIA
690 _aPROPERTY-COMMERCIAL PROPERTY-COMMERCIAL PROPERTY MARKET
942 _n0
999 _c107126
_d107126